The secret of the black chrysanthemum /

Bibliographic Details
Main Author: Stein, Charles, 1944-
Format: Book
Language:English
Published: Barrytown, N.Y. : Station Hill Press, [1987]
Series:Clinamen studies series.
Subjects:

MARC

Tag First Indicator Second Indicator Subfields
LEADER 00000cam a22000008a 4500
001 in00000013134
005 20151007052330.0
008 850626s1987 nyuac b 00010 eng
010 |a  85014781  
020 |a 088268017X :  |c $22.50 
035 |a (OCoLC)12262345 
035 |9 AAA7345AM 
040 |a DLC  |c DLC  |d m/c  |d TXA  |d UtOrBLW 
049 |a TXAM  |c [A11047868] 
050 0 0 |a PS3529.L655  |b Z85 1987 
082 0 |a 811/.54  |2 19 
100 1 |a Stein, Charles,  |d 1944- 
245 1 4 |a The secret of the black chrysanthemum /  |c Charles Stein. 
264 1 |a Barrytown, N.Y. :  |b Station Hill Press,  |c [1987] 
264 4 |c ©1987 
300 |a xxvii, 224 pages :  |b illustrations, portraits 
336 |a text  |b txt  |2 rdacontent 
337 |a unmediated  |b n  |2 rdamedia 
338 |a volume  |b nc  |2 rdacarrier 
490 1 |a The Clinamen studies series 
500 |a First appeared in the journal, Olson, in 1975. 
504 |a Bibliography: pages [221]-224. 
600 1 0 |a Olson, Charles,  |d 1910-1970  |x Philosophy. 
600 1 0 |a Olson, Charles,  |d 1910-1970.  |t Maximus poems. 
600 1 0 |a Jung, C. G.  |q (Carl Gustav),  |d 1875-1961  |x Influence. 
650 0 |a Cosmology in literature. 
830 0 |a Clinamen studies series. 
999 |a MARS 
999 f f |s 608e31ce-4611-35e1-83d7-b2acb989dcdb  |i b7efc982-bf35-3316-a237-840d2f2689d0  |t 0 
952 f f |p ric  |a Texas A&M University  |b Rellis Campus  |c Joint Library Facility  |d Remote Storage  |t 0  |e PS3529.L655 Z85 1987  |h Library of Congress classification  |i unmediated -- volume  |m A14811047868 
998 f f |a PS3529.L655 Z85 1987  |t 0  |l Remote Storage